| 000 | 01355cam a22001814a 4500 | ||
|---|---|---|---|
| 005 | 20250605164356.0 | ||
| 008 | 250528s ||||||||||||||||||||||||d | ||
| 035 | _a24323 | ||
| 040 |
_aGR-AtMCL _bgre _dGR-AtMCL _eAACR2 |
||
| 245 | 1 | _aΕπιστολή του Προέδρου του Ε.Β.Ε.Α. στον Πρωθυπουργό για το Προσφυγικό Ζήτημα / Νέος Κύκλος Υποβολής Αιτήσεων για Ένταξη στη Θ.Ε.Α. | |
| 260 |
_bΕμπορικό Και Βιομηχανικό Επιμελητήριο Αθηνών, _c2016 |
||
| 300 | _a64 | ||
| 520 | _aΣτρατηγική για μια Ενεργειακή Ένωση, Μια Αξιοπρόσεκτη Μελέτη του Ο.Ο.Σ.Α. για την Ελληνική Οικονομία, Δύο Κρίσιμα Μέτωπα Παραμένουν Ανοιχτά, Σε Τεντωμένο Σχοινί η Οικονομία, Μην Κλείνουμε τον Δρόμο στις Εξαγωγές,Οδηγός για τα Νέα Προγράμματα του Ε.Σ.Π.Α., Στο Κθνήγι των Ανασφ΄σλιδτων Οχημάτων η Εφορία, Ποιοί Διοικούν Σήμερα τις Επιχειρήσεις. | ||
| 700 | 1 |
_aΜίχαλος Κωνσταντίνος _94319 |
|
| 942 | _cCR | ||
| 999 |
_c9212 _d9212 |
||